Phoneboy Songs Quiz - Statistics

General Stats
  • This quiz has been taken 13 times
  • The average score is 9 of 20
Answer Stats
Answer % Correct
Hey, Kid!
83%
Fomo
67%
Moving Out
67%
Nevermind
67%
Roses
67%
Acid Girl
50%
Ferrari
50%
Open Up
50%
Runaway
50%
Wasting Time
50%
1987
33%
Acoustic Song
33%
Cocolalla
33%
Gone, Gone, Gone
33%
Handheld
33%
Lately
33%
Need a Friend
33%
Sweater Song
33%
What A Coward
33%
Your Apartment
33%
No matching quizzes found
Score Distribution
Percent of People with Each Score
Percentile by Number Answered
Your Score History
You have not taken this quiz